| 000 | 01054cam a2200289 a 4500 | ||
|---|---|---|---|
| 001 | 563535 | ||
| 003 | NUST - PNEC | ||
| 005 | 20170116181047.0 | ||
| 008 | 890816s1990 nyua b 001 0 eng | ||
| 010 | _a 89013168 | ||
| 020 | _a0071126449 | ||
| 020 | _a0079093884 | ||
| 040 |
_aDLC _cLIBRARY _dDLC |
||
| 050 | 0 | 0 |
_aQC320 _b.H64 1990 |
| 082 | 0 | 0 | _a621.4022 HOL |
| 100 | 1 |
_aHolman, J. P. _q(Jack Philip) |
|
| 245 | 1 | 0 |
_aHeat transfer / _cJ.P. Holman. |
| 250 | _a7th ed. | ||
| 260 |
_aLondon _bMcGraw-Hill, _cc1990. |
||
| 300 |
_axx, 714 p. : _bcol. ill. ; _c25 cm. |
||
| 500 | _aSystem requirements for computer disk: IBM PC or IBM-compatible PC; 256K; MS-DOS or PC-DOS 2.0 or higher; 80-column monochrome monitor; printer (optional). | ||
| 504 | _aIncludes bibliographical references and index. | ||
| 650 | 0 |
_aHeat _xTransmission. _xME |
|
| 906 |
_a7 _bcbc _corignew _d1 _eocip _f19 _gy-gencatlg |
||
| 942 |
_2ddc _cBK |
||
| 999 |
_c68276 _d68276 |
||